000 00513 a2200157 4500
999 _c6097
_d6097
020 _a9780471305682
050 _aTA 403 CAL 1994
100 _aCallister, William D,. Jr.
_eAuthor
245 _aMaterial science and engineering:
_ban introduction /
_cWilliam D. Callister, Jr
250 _a3rd ed.
264 _aNew York:
_bJohn Wiley and Sons Inc.,
_c1994
300 _axx, 811p. :
_bill. (some col.)
500 _aIncludes index
650 _aMaterial science engineering
942 _2lcc
_cBK
_e3rd ed.
_h403
_iCAL
_kTA